Ako vznikol PIN?

Už prvé bankomatové karty, ktoré mali podobu plastových diernych štítkov, používali na overenie totožnosti klienta osobný identifikačný kód PIN (Personal identification number). Vstup kryptológie do bankovníctva. Riešenie spoločnosti IBM na šifrovací algoritmus pod názvom DES (Data encryption standa...

Descripción completa

Guardado en:
Detalles Bibliográficos
Formato: Capítulo de libro
Lenguaje:eslovaco
Materias:
Etiquetas: Agregar Etiqueta
Sin Etiquetas, Sea el primero en etiquetar este registro!

MARC

LEADER 00000naa$a2200000$$$4500
001 0050142
005 20231006122103.2
041 0 |a slo 
044 |a SK 
245 1 0 |a Ako vznikol PIN? 
520 |a Už prvé bankomatové karty, ktoré mali podobu plastových diernych štítkov, používali na overenie totožnosti klienta osobný identifikačný kód PIN (Personal identification number). Vstup kryptológie do bankovníctva. Riešenie spoločnosti IBM na šifrovací algoritmus pod názvom DES (Data encryption standard). DES ako jedna z najrozšírenejších šifrovacích metód v súčasnosti. 
610 2 0 |a bankovníctvo 
610 2 0 |a banky 
610 2 0 |a bankomaty 
610 2 0 |a karty platobné 
610 2 0 |a bezpečnosť 
610 2 0 |a identifikácia automatická 
610 2 0 |a klienti 
610 2 0 |a informácie 
610 2 0 |a technológie informačné